00789nam a2200253 4500003000400000005001700004008004100021020001500062020001500077040001800092050001600110100002200126245011700148264004900265300002600314336002200340337002400362338002400386490004100410650003000451650002600481942001100507999001700518OSt20260601193841.0260421b2006 sp a|||| |||| 00| 0 spa d a9501227227 a844931769X aICIbspacICI aNA2750bC43 1aChaves, Norberto, 1aEl diseño invisible :bsiete lecciones sobre la intervención culta en el hábitat humano /cNorberto Chaves bPaidos,c[2006?]aBuenos Aires ;aMéxico : a133 páginasc22 cm. atexto2rdacontent asin medio2rdamedia avolumen2rdacarrier 0aPaidóspEstudios de comunicación aDiseño arquitectónico aAsentamientos humanos 2lcccB c21440d21440